000 00342nam a2200157 i 4500
001 bg
100 1 _aBOON, K.
245 0 _aPaskal' dlja vsech /
_cK.Boon.
260 _aMoskva,
_c1988.
630 0 9 _aPASCAL
040 _cBPK
041 _apol
080 _a681.322.06:519.682
942 _cKS
008 s pl f |000 0 pol
999 _c28694
_d28694